| 000 | 00000nas 2200000za 4500 |
| 001 | 9.856035 |
| 003 | CaOODSP |
| 005 | 20241203113642 |
| 007 | cr ||||||||||| |
| 008 | 180501d19801984oncuu m o||||f0 a0eng|d |
| 040 | |aCaOODSP|beng |
| 043 | |an-cn--- |
| 086 | 1 |aNH18-29E-PDF |
| 245 | 00|aSewage collection and treatment report |h[electronic resource] / |cCanada Mortgage and Housing Corporation [and] Environment Canada. |
| 246 | 10|aReport SCAT |
| 260 | |aOttawa : |bCanada Mortgage and Housing Corporation, |c1980-1984. |
| 362 | 0 |aSCA T-1 (1980) - SCAT-13 (1984). |
| 500 | |aIssued also in French under title: La collecte et le traitement des eaux usées, rapport. |
| 500 | |aDigitized edition from print [produced by Canada Mortgage and Housing Corporation]. |
| 500 | |aCover title. |
| 520 | 2 |a"These research reports describe the results of research and development projects in the municipal and domestic wastewater collection, treatment and disposal fields." -- Report SCAT - 2. |
| 546 | |aAbstracts in English and French. |
| 550 | |aIssued by Canada Mortgage and Housing Corporation, Environment Canada, and Water Pollution Control Directorate, Environmental Protection Service. |
| 692 | 07|2gccst|aWaste water |
| 692 | 07|2gccst|aPollution control |
| 710 | 1 |aCanada. |bEnvironment Canada. |
| 710 | 2 |aCanada Mortgage and Housing Corporation. |
| 775 | 08|tLa collecte et le traitement des eaux usées, rapport |w(CaOODSP)9.856039 |